Adatok A csallóközi juhászok czéhszabályai /
Elmentve itt :
| Szerző: | |
|---|---|
| Dokumentumtípus: | Cikk |
| Megjelent: |
1897
|
| Sorozat: | Magyar gazdaságtörténelmi szemle
4 |
| Kulcsszavak: | Közgazdaságtudomány, Gazdaságtörténet |
| Online Access: | http://misc.bibl.u-szeged.hu/199 |
| LEADER | 00593nab a2200169 i 4500 | ||
|---|---|---|---|
| 001 | misc199 | ||
| 005 | 20191106144230.0 | ||
| 008 | 170607s1897 hu o 0|| hun d | ||
| 040 | |a SZTE Miscellanea Repozitórium |b hun | ||
| 041 | |a hun | ||
| 100 | 1 | |a K. E. | |
| 245 | 1 | 0 | |a Adatok |h [elektronikus dokumentum] : |b A csallóközi juhászok czéhszabályai / |c K. E. |
| 260 | |c 1897 | ||
| 300 | |a 253-259 | ||
| 490 | 0 | |a Magyar gazdaságtörténelmi szemle |v 4 | |
| 695 | |a Közgazdaságtudomány, Gazdaságtörténet | ||
| 856 | 4 | 0 | |u http://misc.bibl.u-szeged.hu/199/1/gazd_tort_szeml_1897_253-259.pdf |z Dokumentum-elérés |